Snake woman : un serpente tra l'erba /

সংরক্ষণ করুন:
গ্রন্থ-পঞ্জীর বিবরন
প্রধান লেখক: Kapur, Shekhar
অন্যান্য লেখক: Gaydos, Michael, Wells, Zeb
বিন্যাস: গ্রন্থ
ভাষা:ইতালিয়
প্রকাশিত: Modena : Panini comics, 2007
ট্যাগগুলো: ট্যাগ যুক্ত করুন
কোনো ট্যাগ নেই, প্রথমজন হিসাবে ট্যাগ করুন!

MARC

LEADER 00000nam a22000007i 4500
001 IT\ICCU\UBO\3981478
003 ItRI
005 20260115232147.0
008 121221s2007 it |||||| ||||| |||||c
020 |a 9788883437229 
040 |b ita  |c importazione bologna sebina 
041 7 |a ita  |2 ISO-639-2 
100 1 |a Kapur, Shekhar  |0 IT\ICCU\RAVV\242579 
245 1 0 |a Snake woman :  |b un serpente tra l'erba /  |c creato da Shekhar Kapur ; sceneggiatura di Zeb Wells ; disegni di Michael Gaydos. 
260 |a Modena :  |b Panini comics,  |c 2007 
300 |a 1 v. (senza paginazione) :  |b in gran parte ill. ;  |c 28 cm 
700 1 |a Gaydos, Michael  |0 IT\ICCU\UBOV\778028 
700 1 |a Wells, Zeb  |0 IT\ICCU\MODV\336460 
942 |2 ddc  |c BK  |n 0 
952 |0 0  |1 0  |4 0  |6 DOC_741_594000000000000_KAP  |7 0  |9 21148  |a BO  |b BO  |d 2026-01-15  |i 14124  |l 0  |o DOC 741.594 KAP  |p BO14124  |r 2026-01-15 23:21:47  |w 2026-01-15  |x [Sebina 5] [1 v.]  |y BK  |z 1 v. 
999 |c 18071  |d 18071